| 000 | 01031nam a2200241 a 4500 | ||
|---|---|---|---|
| 001 | BRCA_1716 | ||
| 005 | 20190320203524.0 | ||
| 008 | 881114s1985 be-a---##b---#000-0#spa-# | ||
| 020 | _a8439846061 | ||
| 040 |
_aDLC _cDLC _dDLC |
||
| 050 | 4 |
_aND3361 _b.B43 1985 |
|
| 245 | 1 | 0 | _aLos beatos. |
| 260 |
_a[Brussels] _bLa Bibliothèque _c[1985] |
||
| 300 |
_axii, 150 p. _bil. (algunas a color) _c29 cm. |
||
| 500 | _aCatálogo de la exposición realizada en la Biblioteca Real Albert 1er (Bruselas, Bélgica), 26 septiembre - 30 noviembre, 1985 [En el marco del festival Europalia 85 España] | ||
| 504 | _aBibliografía: p. 101 | ||
| 600 | 1 | 4 |
_aBeatos _cSanto Presbíter de Liebana _dd. 798. _tEn apocalipsis _xIlustraciones _95366 |
| 600 | 1 | 4 |
_aBeatos _cSanto Presbíter de Liebana _dd. 798. _xManuscritos _95367 |
| 610 | 2 | 4 |
_aBibliothèque Royale Albert Ier _xExposiciones _95368 |
| 630 | 0 | 4 |
_aBiblia _pN.T. _xIlustraciones _95369 |
| 650 | 1 | 4 |
_aIluminación de libros y manuscritos medievales _xExposiciones _zBélgica _95370 |
| 942 |
_2lcc _cB |
||
| 999 |
_c1506 _d1506 |
||